[Event "FIDE World Bl Team Pool B"]
[Site "London ENG"]
[Date "2025.06.14"]
[Round "9.2"]
[White "Zhu, Pengxiao"]
[Black "Hill, Alistair"]
[Result "1-0"]
[WhiteElo "1938"]
[BlackElo "2178"]
[WhiteTeam "UK Chess Challenge Masters"]
[BlackTeam "Hammersmith Chess Club"]
[WhiteFideId "499307"]
[BlackFideId "432407"]
[EventDate "2025.06.14"]
[EventType "team"]

1. d4 Nf6 2. c4 g6 3. Nc3 d5 4. cxd5 Nxd5 5. e4 Nxc3 6. bxc3 Bg7 7. Bc4 c5 8.
Ne2 O-O 9. O-O Nc6 10. Be3 b6 11. dxc5 Qc7 12. cxb6 axb6 13. Qc2 Ba6 14. Bxa6
Rxa6 15. Rab1 Rfa8 16. Rb2 Na5 17. Rb4 Nc4 18. Qd3 Nxe3 19. Qxe3 Rxa2 20. Ng3
R8a5 21. Rfb1 Rc5 22. Rxb6 Ra8 23. Rb7 Qe5 24. Ne2 Rac8 25. g3 Rc4 26. R1b4 Qc5
27. Qxc5 R4xc5 28. Rxe7 Bxc3 29. Nxc3 Rxc3 30. Rbb7 Rf3 31. Kg2 Rcc3 32. e5 h5
33. e6 fxe6 34. Rg7+ Kh8 35. Rxg6 Rf5 36. Rxe6 Rc2 37. Re8+ 1-0

[Event "FIDE World Bl Team Pool B"]
[Site "London ENG"]
[Date "2025.06.14"]
[Round "9.3"]
[White "Stewart, Ashley"]
[Black "Yu, Rock"]
[Result "0-1"]
[WhiteElo "2093"]
[BlackElo "2057"]
[WhiteTeam "Hammersmith Chess Club"]
[BlackTeam "UK Chess Challenge Masters"]
[WhiteFideId "419001"]
[BlackFideId "489000"]
[EventDate "2025.06.14"]
[EventType "team"]

1. d4 d6 2. Nf3 Nf6 3. g3 g6 4. Bg2 Bg7 5. O-O O-O 6. c4 c6 7. Nc3 Bf5 8. Nh4
Be6 9. d5 Bd7 10. dxc6 Bxc6 11. Nf3 Nbd7 12. Nd4 Bxg2 13. Kxg2 Rc8 14. b3 d5 15.
Nxd5 Nxd5 16. cxd5 Nb6 17. e4 Nxd5 18. exd5 Qxd5+ 19. Kg1 Qxd4 20. Qxd4 Bxd4 21.
Rb1 Rfd8 22. Bf4 e5 23. Bh6 f6 24. h4 Rc2 25. Kg2 Rdc8 26. Rbd1 Rxa2 27. Kf3 Rb2
28. Rd3 f5 29. Kg2 Rcc2 30. Be3 Bxe3 31. Rxe3 e4 32. g4 Kf7 33. gxf5 gxf5 34.
Kg3 Kf6 35. h5 Ke5 36. f4+ Kd4 37. Ree1 Rxb3+ 38. Kh4 h6 39. Rd1+ Rd3 40. Rh1
Rxd1 41. Rxd1+ Ke3 42. Rd6 Kxf4 43. Kh3 Rc6 44. Rd7 Rb6 45. Kg2 a5 46. Rd8 a4
47. Ra8 Ra6 48. Rd8 a3 49. Rd1 a2 50. Ra1 b5 0-1

[Event "FIDE World Bl Team Pool B"]
[Site "London ENG"]
[Date "2025.06.14"]
[Round "9.4"]
[White "Longson, Sarah N"]
[Black "Hanache, Kai"]
[Result "0-1"]
[WhiteTitle "WFM"]
[WhiteElo "1941"]
[BlackElo "2149"]
[WhiteTeam "UK Chess Challenge Masters"]
[BlackTeam "Hammersmith Chess Club"]
[WhiteFideId "2501465"]
[BlackFideId "490105"]
[EventDate "2025.06.14"]
[EventType "team"]

1. e4 c5 2. Nc3 Nc6 3. Bb5 Nd4 4. Nf3 a6 5. Bd3 g6 6. Bc4 b5 7. Bd5 Rb8 8. Nxd4
cxd4 9. Ne2 Bg7 10. c3 e6 11. Bb3 Bb7 12. d3 d5 13. exd5 Bxd5 14. Bxd5 Qxd5 15.
O-O dxc3 16. bxc3 Ne7 17. Ba3 Qd7 18. d4 O-O 19. Bc5 Rfc8 20. Qb3 Nf5 21. a4 Rb7
22. axb5 axb5 23. Ra6 e5 24. Rfa1 exd4 25. cxd4 Re8 26. Nf4 Nxd4 27. Bxd4 Qxd4
28. g3 Rbe7 29. Qxb5 g5 0-1

[Event "FIDE World Bl Team Pool B"]
[Site "London ENG"]
[Date "2025.06.14"]
[Round "9.5"]
[White "Ciocan, Maria-Alexandra"]
[Black "Vaidyanathan, Adithya"]
[Result "0-1"]
[WhiteElo "1998"]
[BlackElo "2111"]
[WhiteTeam "Hammersmith Chess Club"]
[BlackTeam "UK Chess Challenge Masters"]
[WhiteFideId "1227130"]
[BlackFideId "495450"]
[EventDate "2025.06.14"]
[EventType "team"]

1. e4 c5 2. Nf3 Nc6 3. Bb5 g6 4. Bxc6 dxc6 5. d3 Bg7 6. h3 Nf6 7. O-O Nd7 8. a4
a5 9. Nc3 e5 10. Bg5 Qc7 11. Qd2 h6 12. Be3 b6 13. Qe2 Nf8 14. Nd1 Ne6 15. c3
Ba6 16. b3 O-O-O 17. Nb2 Nf4 18. Bxf4 exf4 19. Qc2 g5 20. Nc4 Kb7 21. Rfe1 Qd7
22. Red1 g4 23. hxg4 Qxg4 24. Rab1 Rhg8 25. Ne1 h5 26. f3 Qg6 27. b4 Bxc4 28.
dxc4 Rxd1 29. Qxd1 Bxc3 30. Qe2 cxb4 31. Rc1 h4 32. Rc2 h3 33. c5 Bd4+ 34. Kf1
Bxc5 35. g4 fxg3 36. Rxc5 g2+ 37. Kg1 h2+ 38. Kxh2 g1=Q+ 39. Kh3 Q6g3# 0-1

[Event "FIDE World Bl Team Pool B"]
[Site "London ENG"]
[Date "2025.06.14"]
[Round "9.6"]
[White "Veselow, Zoe"]
[Black "Aryaman Ganguly"]
[Result "0-1"]
[WhiteElo "1761"]
[BlackElo "1826"]
[WhiteTeam "UK Chess Challenge Masters"]
[BlackTeam "Hammersmith Chess Club"]
[WhiteFideId "497657"]
[BlackFideId "25981226"]
[EventDate "2025.06.14"]
[EventType "team"]

1. e4 c5 2. Nf3 d6 3. d4 cxd4 4. Nxd4 Nf6 5. Nc3 g6 6. g3 Bg7 7. Bg2 a6 8. O-O
O-O 9. h3 Nc6 10. Be3 Bd7 11. Qd2 Ne5 12. b3 Rc8 13. Nce2 Nc6 14. c4 Nxd4 15.
Nxd4 Qc7 16. Bh6 Qb6 17. Bxg7 Kxg7 18. Rfd1 Qc7 19. Rac1 Qb8 20. Ne2 Rc7 21. Qc3
Kg8 22. Nf4 Qc8 23. Nd5 Nxd5 24. exd5 Bxh3 25. Qe3 Bxg2 26. Kxg2 Kg7 27. Rh1 h5
28. Qd4+ f6 29. Rce1 Rh8 30. Re4 b5 31. Qe3 Kf7 32. Re1 Qd8 33. Rf4 bxc4 34.
bxc4 Kg7 35. Qe6 Qd7 36. a3 Qxe6 37. Rxe6 Rb8 38. Rfe4 Kf7 39. a4 Rb4 40. a5 Ra4
41. Kh3 Rxa5 42. Re2 Rac5 43. Ra2 Rxc4 44. Rxa6 R4c5 45. Re3 Rxd5 46. Ra4 Re5
47. Rxe5 dxe5 48. Re4 Rd7 49. Re2 Ke6 50. g4 hxg4+ 51. Kxg4 Rd4+ 52. Kf3 Kf5 53.
Kg3 Rd3+ 54. f3 g5 55. Re4 e6 56. Ra4 Kg6 57. Re4 Rd5 58. Re3 f5 59. Re2 Kf6 60.
Re1 Rd3 61. Re2 e4 62. Rf2 Rxf3+ 63. Rxf3 exf3 64. Kxf3 e5 65. Ke3 g4 66. Kf2 f4
67. Ke2 e4 68. Kf2 Kf5 69. Ke2 g3 70. Kf1 f3 71. Ke1 e3 72. Kf1 Kf4 73. Ke1 g2
74. Kd1 g1=Q+ 75. Kc2 f2 76. Kc3 f1=R 77. Kd4 e2+ 78. Kc4 e1=N 79. Kc3 Nf3 80.
Kc4 Ne5+ 81. Kc3 Ng4 82. Kc4 Nf6 83. Kc3 Ng8 84. Kc4 Rf2 85. Kc3 Rf3+ 86. Kc4
Rh3 87. Kb4 Rh8 88. Kc4 Qd1 89. Kb4 Qc2 90. Kb5 Qc3 91. Kb6 Qc4 92. Kb7 Qc5 93.
Ka6 Qb4 94. Ka7 Ke5 95. Ka6 Kd5 96. Ka7 Ne7 97. Ka6 Kc5 98. Ka7 Kc4 99. Ka6 Qb5+
100. Ka7 Nc6# 0-1

[Event "FIDE World Bl Team Pool B"]
[Site "London ENG"]
[Date "2025.06.14"]
[Round "9.1"]
[White "Ghasi, Ameet K"]
[Black "Harvey, Marcus R"]
[Result "1/2-1/2"]
[WhiteTitle "GM"]
[BlackTitle "IM"]
[WhiteElo "2513"]
[BlackElo "2445"]
[WhiteTeam "Sharks 4NCL"]
[BlackTeam "Wood Green"]
[WhiteFideId "409200"]
[BlackFideId "400092"]
[EventDate "2025.06.14"]
[EventType "team"]

1. Nf3 Nf6 2. g3 b6 3. Bg2 Bb7 4. O-O g6 5. d3 d5 6. Nbd2 Nbd7 7. e4 dxe4 8.
dxe4 Nc5 9. e5 Nfd7 10. Re1 Bg7 11. Qe2 O-O 12. b3 Ne6 13. Nc4 Ndc5 14. Bb2 a5
15. a3 Qc8 16. Rad1 Rd8 17. Ne3 Bc6 18. Nd2 Bxg2 19. Kxg2 Qb7+ 20. Qf3 Qxf3+ 21.
Nxf3 Kf8 22. Kf1 Rxd1 23. Rxd1 Rd8 24. Rxd8+ Nxd8 25. Ke2 Nc6 26. Nd5 Ne6 27. b4
axb4 28. axb4 Ke8 29. c4 Kd7 30. Bc3 Na7 31. b5 Bf8 32. h4 Nc8 33. Bb4 h5 34.
Kd3 Na7 35. Nd2 Nc8 36. Ne4 c5 37. Bc3 Bg7 38. f4 Bf8 39. Ne3 Ng7 40. Ng5 Ke8
41. Nd5 Nf5 42. Ne4 Kd7 43. Be1 e6 44. Ndc3 Be7 45. Bf2 Kc7 46. Nd2 Bd8 47. Nce4
Nce7 48. Ng5 Nh6 49. Nge4 Nef5 50. Be1 Ng4 51. Nf3 Be7 52. Bc3 Kd7 1/2-1/2

[Event "FIDE World Bl Team Pool B"]
[Site "London ENG"]
[Date "2025.06.14"]
[Round "9.2"]
[White "Willow, Jonah B"]
[Black "Rendle, Thomas E"]
[Result "0-1"]
[WhiteTitle "IM"]
[BlackTitle "IM"]
[WhiteElo "2470"]
[BlackElo "2370"]
[WhiteTeam "Wood Green"]
[BlackTeam "Sharks 4NCL"]
[WhiteFideId "438804"]
[BlackFideId "408760"]
[EventDate "2025.06.14"]
[EventType "team"]

1. e4 e5 2. Nf3 Nc6 3. Bb5 a6 4. Ba4 Nf6 5. O-O d6 6. c3 Bd7 7. d4 g6 8. Re1 Bg7
9. h3 O-O 10. Bc2 Nh5 11. Be3 Kh8 12. Nbd2 Qe8 13. a4 f5 14. exf5 gxf5 15. dxe5
dxe5 16. Bc5 Rg8 17. Bb3 Be6 18. Bxe6 Qxe6 19. Nxe5 Nf4 20. Nef3 Qd5 21. Nb3 Nd3
22. Re3 Rad8 23. Bd4 Nxb2 24. Bxg7+ Rxg7 25. Re8+ Rg8 26. Rxg8+ Kxg8 27. Qc1
Qxb3 28. Qg5+ Kf8 29. Qh6+ Kg8 30. Ng5 Rd1+ 31. Rxd1 Qxd1+ 32. Kh2 Qd6+ 0-1

[Event "FIDE World Bl Team Pool B"]
[Site "London ENG"]
[Date "2025.06.14"]
[Round "9.3"]
[White "Roberson, Peter T"]
[Black "Czopor, Maciej"]
[Result "0-1"]
[WhiteTitle "IM"]
[BlackTitle "IM"]
[WhiteElo "2433"]
[BlackElo "2423"]
[WhiteTeam "Sharks 4NCL"]
[BlackTeam "Wood Green"]
[WhiteFideId "412384"]
[BlackFideId "21805431"]
[EventDate "2025.06.14"]
[EventType "team"]

1. e4 c5 2. Be2 e6 3. f4 d5 4. d3 Nf6 5. e5 Nfd7 6. Nf3 Nc6 7. O-O Be7 8. c3 d4
9. Nbd2 O-O 10. Ne4 b6 11. cxd4 cxd4 12. Qe1 Nc5 13. Nfd2 Nb4 14. Nxc5 Nc2 15.
Qd1 Ne3 16. Qb3 Nxf1 17. Kxf1 Bxc5 18. Ne4 Qd5 19. Bf3 Qxb3 20. axb3 Bb7 21. Bd2
Bd5 22. b4 Be7 23. b5 Rfc8 24. Ke1 Rc2 25. Rb1 Rac8 26. Bd1 R2c7 27. Ra1 f5 28.
exf6 gxf6 29. g3 f5 30. Nf2 Rd7 31. Nh3 Rc5 32. Ba4 h6 33. Ng1 Kf7 34. Ke2 Bf6
35. Nf3 Bxf3+ 36. Kxf3 e5 37. fxe5 Rxe5 38. Bb3+ Ke7 39. Bc4 Bg5 40. Bb4+ Kd8
41. h4 Re3+ 42. Kf2 Be7 43. Bd2 Bc5 44. Bxe3 dxe3+ 45. Kf3 Rg7 46. Be6 Bd6 47.
Kxe3 Rxg3+ 48. Kf2 Rxd3 49. Rxa7 Bc5+ 50. Kg2 f4 51. Bg4 Rg3+ 52. Kf1 Rxg4 53.
Ke2 Rg3 0-1

[Event "FIDE World Bl Team Pool B"]
[Site "London ENG"]
[Date "2025.06.14"]
[Round "9.4"]
[White "Wadsworth, Matthew J"]
[Black "Purton, Ben J"]
[Result "1-0"]
[WhiteTitle "IM"]
[BlackTitle "FM"]
[WhiteElo "2481"]
[BlackElo "2173"]
[WhiteTeam "Wood Green"]
[BlackTeam "Sharks 4NCL"]
[WhiteFideId "415804"]
[BlackFideId "411132"]
[EventDate "2025.06.14"]
[EventType "team"]

1. Nf3 Nf6 2. g3 g6 3. Bg2 Bg7 4. c4 O-O 5. d4 d5 6. cxd5 Nxd5 7. O-O Nb6 8. Nc3
Nc6 9. e3 e5 10. d5 Ne7 11. e4 Bd7 12. Be3 Nc4 13. Bg5 h6 14. Qe2 Nd6 15. Bd2 b5
16. a3 a5 17. b4 Nc4 18. a4 Nxd2 19. Nxd2 bxa4 20. b5 Nc8 21. Nc4 Nb6 22. Nxb6
cxb6 23. Nxa4 Re8 24. Rfc1 h5 25. h4 Rc8 26. Rxc8 Bxc8 27. Qe3 Bd7 28. Qxb6 Qxb6
29. Nxb6 Bxb5 30. Rxa5 Bd3 31. d6 Rd8 32. d7 Kf8 33. Rc5 Ke7 34. Nd5+ Kxd7 35.
Rc7+ Ke8 36. Ra7 Kf8 37. f3 Bc4 38. Bf1 Bxd5 39. exd5 Rd6 40. Bb5 Bh6 41. Ra8+
Kg7 42. Bc6 Be3+ 43. Kf1 Kf6 44. Ke2 Bd4 45. Re8 Kg7 46. g4 hxg4 47. fxg4 Rf6
48. g5 Rf4 49. d6 Bb6 50. d7 Rxh4 51. d8=R Bxd8 52. Rxd8 Rg4 53. Bd5 Rxg5 54.
Rd7 Rf5 55. Ke3 Kf8 56. Ke4 Ke8 57. Ra7 Kf8 58. Rb7 Ke8 59. Bc6+ Kf8 60. Bd7 Rg5
61. Bc6 Rf5 62. Rb8+ Kg7 63. Rb7 Kf8 64. Bd7 Rg5 65. Kd5 Ke7 66. Be6+ Kd8 67.
Rxf7 Ke8 68. Kd6 Rg1 69. Rg7 Rd1+ 70. Bd5 Rf1 1-0

[Event "FIDE World Bl Team Pool B"]
[Site "London ENG"]
[Date "2025.06.14"]
[Round "9.5"]
[White "Hryshchenko, Kamila"]
[Black "Orlovska, Madara"]
[Result "1-0"]
[WhiteTitle "WFM"]
[WhiteElo "2097"]
[BlackElo "2059"]
[WhiteTeam "Sharks 4NCL"]
[BlackTeam "Wood Green"]
[WhiteFideId "14147491"]
[BlackFideId "11601825"]
[EventDate "2025.06.14"]
[EventType "team"]

1. e4 c5 2. Nc3 g6 3. f4 Bg7 4. Nf3 Nc6 5. Bc4 e6 6. d3 Nge7 7. O-O d5 8. Bb3
Nd4 9. Nxd4 cxd4 10. Ne2 O-O 11. e5 Nf5 12. c3 dxc3 13. bxc3 d4 14. g4 Ne3 15.
Bxe3 dxe3 16. Nd4 Qa5 17. Rc1 Bd7 18. Qe2 Rac8 19. c4 Bc6 20. Qxe3 Rfd8 21. Nxc6
bxc6 22. d4 Qb4 23. Rcd1 a5 24. d5 cxd5 25. cxd5 Rc3 26. Qd4 exd5 27. Bxd5 Qxd4+
28. Rxd4 Rdc8 29. Bb3 Bf8 30. Rd7 R3c7 31. Bxf7+ Kg7 32. Rfd1 Bc5+ 33. Kg2 Bb4
34. Be6+ Rxd7 35. Rxd7+ Kh8 36. Rxh7+ Kxh7 37. Bxc8 Kg7 38. Kf3 Bd2 39. Ke4 Kf7
40. Ba6 Ke7 41. Bb5 Ke6 42. f5+ gxf5+ 43. gxf5+ Ke7 44. h4 Kf7 45. Kd5 Be1 46.
h5 Kg7 47. Be8 Kf8 48. Bg6 Ke7 49. h6 Bd2 50. h7 1-0

[Event "FIDE World Bl Team Pool B"]
[Site "London ENG"]
[Date "2025.06.14"]
[Round "9.6"]
[White "Barwick, Carmel"]
[Black "Morea, Georgiana-Steluta"]
[Result "1-0"]
[WhiteElo "1915"]
[BlackElo "1920"]
[WhiteTeam "Wood Green"]
[BlackTeam "Sharks 4NCL"]
[WhiteFideId "442925"]
[BlackFideId "1204319"]
[EventDate "2025.06.14"]
[EventType "team"]

1. Nf3 Nf6 2. b3 g6 3. Bb2 Bg7 4. g3 d5 5. Bg2 O-O 6. O-O c5 7. d3 Nc6 8. Nbd2
d4 9. e4 e5 10. a4 Bg4 11. h3 Be6 12. Ng5 Bd7 13. Ngf3 Qc8 14. Kh2 Be6 15. Ng5
Bd7 16. Nc4 Qc7 17. Ba3 b6 18. Bc1 a6 19. Qe2 b5 20. Nb2 h6 21. Nf3 Kh7 22. Bd2
Nh5 23. Rac1 Rae8 24. c3 Qd6 25. cxd4 cxd4 26. axb5 axb5 27. Nh4 Be6 28. f4 Rc8
29. f5 Bxb3 30. Bf3 Nf6 31. Nd1 g5 32. Ng2 Nb4 33. Nf2 Ra8 34. h4 Ra2 35. Qe1
Ba4 36. Bxb4 Qd8 37. Bxf8 Qxf8 38. hxg5 hxg5 39. Kg1 Qa3 40. Ng4 Qxd3 41. Nxf6+
Bxf6 42. Rb1 Kg7 43. Qc1 Rc2 44. Qd1 Rd2 45. Qc1 Rc2 46. Qe1 Ra2 47. Qb4 Qc2 48.
Rbc1 Qb2 49. Qxb2 Rxb2 50. Ne1 b4 51. Nd3 1-0

[Event "FIDE World Bl Team Pool B"]
[Site "London ENG"]
[Date "2025.06.14"]
[Round "10.1"]
[White "Sevian, Samuel"]
[Black "Martinez Alcantara, Jose Eduardo"]
[Result "0-1"]
[WhiteTitle "GM"]
[BlackTitle "GM"]
[WhiteElo "2687"]
[BlackElo "2611"]
[WhiteTeam "Freedom"]
[BlackTeam "Theme International Trading"]
[WhiteFideId "2040506"]
[BlackFideId "3805662"]
[EventDate "2025.06.14"]
[EventType "team"]

1. e4 e5 2. Nf3 Nc6 3. Bc4 Bc5 4. c3 Nf6 5. d3 d6 6. Bg5 h6 7. Bh4 a6 8. Nbd2
Ba7 9. b4 Qe7 10. O-O g5 11. Bg3 Bg4 12. b5 axb5 13. Bxb5 O-O 14. a4 Nh5 15. Kh1
Na5 16. d4 exd4 17. cxd4 Bxd4 18. Rc1 Bg7 19. h3 Nxg3+ 20. fxg3 Be6 21. g4 c5
22. e5 d5 23. Bd3 c4 24. Bb1 Nc6 25. Qc2 f5 26. exf6 Rxf6 27. Qh7+ Kf8 28. Rce1
Qd6 29. h4 Bg8 30. Qc2 Re8 31. hxg5 hxg5 32. Nxg5 Rxe1 33. Rxe1 Qg3 34. Ndf3
Rh6+ 35. Kg1 Bd4+ 36. Kf1 Rh1+ 37. Ke2 Qxg2+ 38. Kd1 Rxe1+ 39. Kxe1 Qxc2 40.
Bxc2 Bf6 41. Nh7+ Bxh7 42. Bxh7 Ne5 43. Nxe5 Bxe5 44. Bf5 Ke7 45. a5 Bc3+ 46.
Ke2 Bxa5 47. Ke3 Bc3 48. g5 b5 49. Bc8 Kd6 50. g6 Bg7 0-1

[Event "FIDE World Bl Team Pool B"]
[Site "London ENG"]
[Date "2025.06.14"]
[Round "10.2"]
[White "Jumabayev, Rinat"]
[Black "Sarana, Alexey"]
[Result "0-1"]
[WhiteTitle "GM"]
[BlackTitle "GM"]
[WhiteElo "2546"]
[BlackElo "2686"]
[WhiteTeam "Theme International Trading"]
[BlackTeam "Freedom"]
[WhiteFideId "13702661"]
[BlackFideId "24133795"]
[EventDate "2025.06.14"]
[EventType "team"]

1. Nf3 d5 2. g3 c6 3. Bg2 Bf5 4. c4 dxc4 5. Na3 e5 6. Nxc4 e4 7. Nh4 Be6 8. Ne3
Nf6 9. Qc2 Na6 10. Bxe4 Nb4 11. Qb1 Bxa2 12. Rxa2 Nxa2 13. Bxc6+ bxc6 14. Qxa2
Bc5 15. O-O O-O 16. Qc4 Qb6 17. Nef5 Qb4 18. Qc2 Rfe8 19. d3 Bb6 20. Bg5 Ng4 21.
Nf3 Qc5 22. Qxc5 Bxc5 23. d4 Bf8 24. h3 h6 25. Bc1 Nf6 26. e3 Ne4 27. Rd1 a5 28.
Rd3 a4 29. Kf1 g6 30. N5h4 Reb8 31. Ke2 c5 32. Ne5 Rb3 33. Nhf3 cxd4 34. Nxd4
Rxd3 35. Nxd3 Bg7 36. Nc6 Nd6 37. f3 Nc4 38. e4 Nxb2 39. Bxb2 Bxb2 40. Ncb4 a3
41. Na2 Bg7 42. Kd2 Rc8 43. e5 h5 44. f4 Bf8 45. g4 hxg4 46. hxg4 Rc4 47. g5 Be7
48. Nac1 Bb4+ 49. Kd1 Bc5 50. Kd2 Bd4 51. Na2 Kf8 52. Kd1 Be3 53. e6 fxe6 54.
Ne5 Rd4+ 55. Ke2 Bxf4 0-1

[Event "FIDE World Bl Team Pool B"]
[Site "London ENG"]
[Date "2025.06.14"]
[Round "10.3"]
[White "Martirosyan, Haik M."]
[Black "Le, Tuan Minh"]
[Result "1/2-1/2"]
[WhiteTitle "GM"]
[BlackTitle "GM"]
[WhiteElo "2635"]
[BlackElo "2598"]
[WhiteTeam "Freedom"]
[BlackTeam "Theme International Trading"]
[WhiteFideId "13306553"]
[BlackFideId "12401153"]
[EventDate "2025.06.14"]
[EventType "team"]

1. d4 d5 2. Nf3 e6 3. c4 h6 4. Nc3 Nf6 5. Bf4 Bd6 6. Bxd6 Qxd6 7. e3 O-O 8. c5
Qe7 9. Rc1 a6 10. Be2 Nc6 11. O-O Rd8 12. a3 e5 13. b4 e4 14. Nd2 Bf5 15. f4
exf3 16. Rxf3 Bg6 17. Rg3 Re8 18. Nf1 Qe6 19. Bd3 Ne7 20. Ne2 Bxd3 21. Qxd3 Ne4
22. Rf3 Ng5 23. Rf2 Ng6 24. Neg3 Qd7 25. Qf5 Qxf5 26. Rxf5 Rad8 27. a4 Ne7 28.
Rf2 Nc6 29. b5 axb5 30. axb5 Na5 31. Rf4 Ne6 32. Rf2 Ng5 33. Rf4 Ne6 34. Rf2 Nc4
35. h4 b6 36. cxb6 cxb6 37. Ra1 Nc7 38. Ra7 Nxb5 39. Raxf7 Nbd6 40. Rc7 Rc8 41.
Rd7 Red8 42. Re7 Re8 43. Rd7 Rcd8 44. Rc7 Rc8 45. Rd7 Rcd8 46. Rc7 Rc8 47. Rd7
Rcd8 48. Rc7 Rc8 49. Rd7 1/2-1/2

[Event "FIDE World Bl Team Pool B"]
[Site "London ENG"]
[Date "2025.06.14"]
[Round "10.4"]
[White "Tin, Jingyao"]
[Black "Mamedov, Rauf"]
[Result "1-0"]
[WhiteTitle "GM"]
[BlackTitle "GM"]
[WhiteElo "2583"]
[BlackElo "2657"]
[WhiteTeam "Theme International Trading"]
[BlackTeam "Freedom"]
[WhiteFideId "5804418"]
[BlackFideId "13401653"]
[EventDate "2025.06.14"]
[EventType "team"]

1. d4 d5 2. c4 e6 3. Nc3 c5 4. cxd5 cxd4 5. Qa4+ Bd7 6. Qxd4 exd5 7. Qxd5 Nf6 8.
Qd1 Bc5 9. Nf3 Qe7 10. Bg5 Bc6 11. e3 h6 12. Bh4 Nbd7 13. Be2 Rd8 14. Qc2 g5 15.
Bg3 Ne4 16. O-O Nxg3 17. hxg3 Nf6 18. Bb5 Bxb5 19. Nxb5 O-O 20. Rac1 Bb6 21.
Nbd4 Qe4 22. Nf5 Qxc2 23. Rxc2 Kh7 24. N3d4 Rfe8 25. Rfc1 h5 26. b4 Re5 27. a4
a5 28. bxa5 Bxa5 29. Rc8 Rdd5 30. Rb8 Rxf5 31. Nxf5 Rxf5 32. Rxb7 Ng4 33. Rb5
Rxb5 34. axb5 Ne5 35. Rc5 f6 36. Rd5 Kg6 37. Kf1 Kf7 38. Rd6 Ke7 39. Ra6 Nc4 40.
Ke2 Bd8 41. Kd3 Nd6 42. b6 Kd7 43. Kd4 Ke6 44. b7 Bc7 45. Kc5 Kd7 46. Ra7 Bb8
47. Ra6 Nxb7+ 48. Kd5 Nd6 49. Ra8 Bc7 50. Rh8 Nc8 51. Rxh5 Ne7+ 52. Ke4 Ke6 53.
g4 Kf7 54. Rh7+ Kf8 55. Rh1 Kf7 56. Rd1 Ke6 57. Ra1 Nd5 58. Ra6+ Bd6 59. f4 gxf4
60. exf4 Nc3+ 61. Kf3 Nd5 62. g3 Nb4 63. Ra8 Nd5 64. Ke4 Nc3+ 65. Kd3 Nd5 66.
Re8+ Kf7 67. Rd8 Ke7 68. Rh8 Ke6 69. Ke4 Nc3+ 70. Kf3 Nd5 71. Rh1 Ne7 72. Ke4
Kf7 73. Rd1 Bc5 74. Rd2 Bb4 75. Rd1 Bc5 76. Rc1 Bf2 77. Kf3 Bd4 78. Rb1 Bc5 79.
Rb5 Bd4 80. g5 fxg5 81. Rxg5 Bf6 82. Ra5 Nc6 83. Ra6 Nb4 84. Ra7+ Be7 85. g4 Nc6
86. Ra4 Nd8 87. g5 Ne6 88. Kg4 Nc5 89. Ra7 Ne4 90. Rc7 Ke6 91. Ra7 Nf2+ 92. Kf3
Nd3 93. Ra6+ Kf5 94. Ra5+ Nc5 95. Ra7 Bd6 96. Rf7+ Ke6 97. Rf6+ Ke7 98. f5 Nd3
99. Re6+ Kd7 100. Rh6 Ke7 101. Rh7+ Kf8 102. Ke4 Nf2+ 103. Kd5 Ba3 104. f6 Kg8
105. Ra7 Bf8 106. g6 Ng4 107. Ke6 Nh6 108. g7 1-0

[Event "FIDE World Bl Team Pool B"]
[Site "London ENG"]
[Date "2025.06.14"]
[Round "10.5"]
[White "Injac, Teodora"]
[Black "Gong, Qianyun"]
[Result "0-1"]
[WhiteTitle "IM"]
[BlackTitle "WGM"]
[WhiteElo "2457"]
[BlackElo "2228"]
[WhiteTeam "Freedom"]
[BlackTeam "Theme International Trading"]
[WhiteFideId "932400"]
[BlackFideId "8602425"]
[EventDate "2025.06.14"]
[EventType "team"]

1. d4 d5 2. Nf3 Nf6 3. Bf4 e6 4. e3 Bd6 5. Ne5 O-O 6. Nd2 c5 7. c3 Qc7 8. Bd3
Nbd7 9. Ndf3 Ne4 10. Qb1 cxd4 11. exd4 f5 12. O-O Ndf6 13. h3 Bd7 14. Qc2 Be8
15. Rfe1 Rc8 16. Rac1 b5 17. Qe2 a6 18. Ng5 Nxg5 19. Bxg5 Ne4 20. Bf4 h6 21. f3
Nf6 22. Bh2 Nd7 23. Qf2 Nxe5 24. Bxe5 Bxe5 25. Rxe5 Bd7 26. a3 Qb6 27. Kh1 a5
28. b4 axb4 29. axb4 Ra8 30. Qe3 Ra2 31. Bb1 Rb2 32. Qd3 Qa6 33. Re2 Qa3 34.
Rxb2 Qxb2 35. Qc2 Qa3 36. Qd2 Rc8 37. Kh2 Qa7 38. Kh1 Qc7 39. Bd3 Qg3 40. Qe2
Rf8 41. Bxb5 Bc8 42. Ba6 Bd7 43. Qe1 Qf4 44. Bd3 g5 45. Ra1 g4 46. fxg4 fxg4 47.
Qf1 Qg3 48. Qe2 gxh3 49. gxh3 Qxh3+ 50. Kg1 Kh8 51. Qf1 Rg8+ 52. Kf2 Rf8+ 53.
Ke2 Rxf1 54. Rxf1 e5 55. dxe5 Bg4+ 56. Kd2 Qh2+ 57. Kc1 Qxe5 58. Kb2 Qe3 59.
Rf8+ Kg7 60. Rd8 Qxd3 0-1

[Event "FIDE World Bl Team Pool B"]
[Site "London ENG"]
[Date "2025.06.14"]
[Round "10.6"]
[White "Zhang, Changjie"]
[Black "Mani, Sarbartho"]
[Result "0-1"]
[WhiteElo "1808"]
[BlackElo "1847"]
[WhiteTeam "Theme International Trading"]
[BlackTeam "Freedom"]
[WhiteFideId "5801877"]
[BlackFideId "366112022"]
[EventDate "2025.06.14"]
[EventType "team"]

1. e4 e6 2. Nc3 d5 3. d4 Bb4 4. Qd3 c6 5. a3 Ba5 6. Qg3 g6 7. e5 Nd7 8. Bg5 Qc7
9. Bd3 Bxc3+ 10. bxc3 b6 11. Nf3 Bb7 12. O-O h6 13. Be3 O-O-O 14. Rfb1 Ne7 15.
a4 Rdg8 16. a5 b5 17. a6 Ba8 18. Rb2 Nf8 19. Rab1 Nf5 20. Qh3 Nd7 21. Bxb5 cxb5
22. Rxb5 Nb6 23. Rc5 Bc6 24. g3 Na4 25. Qf1 Nxc5 26. dxc5 Kd7 27. g4 Nxe3 28.
fxe3 Rb8 29. Nd4 Rxb1 30. Qxb1 Rb8 31. Qf1 Ke8 32. Qf6 Rb1+ 33. Kf2 Bb5 34. Qh8+
Kd7 35. Qg7 Kc8 36. Qf8+ Qd8 37. Qg7 Qh4+ 0-1

[Event "FIDE World Bl Team Pool B"]
[Site "London ENG"]
[Date "2025.06.14"]
[Round "10.1"]
[White "Murawski, Jan"]
[Black "Ghasi, Ameet K"]
[Result "0-1"]
[WhiteTitle "CM"]
[BlackTitle "GM"]
[WhiteElo "2164"]
[BlackElo "2513"]
[WhiteTeam "UK Chess Challenge Masters"]
[BlackTeam "Sharks 4NCL"]
[WhiteFideId "21009287"]
[BlackFideId "409200"]
[EventDate "2025.06.14"]
[EventType "team"]

1. d4 Nf6 2. c4 g6 3. Nc3 Bg7 4. e4 d6 5. f3 O-O 6. Be3 a6 7. Qd2 Nbd7 8. O-O-O
b5 9. c5 e5 10. c6 exd4 11. Bxd4 Nb8 12. e5 dxe5 13. Bxe5 Qxd2+ 14. Rxd2 Nxc6
15. Bxc7 Be6 16. Kb1 Rac8 17. Bf4 Nb4 18. Be5 Bf5+ 19. Kc1 Nxa2+ 20. Kd1 Be6 21.
Bd3 Nb4 22. Bb1 Bb3+ 23. Ke1 Rfe8 24. f4 Ng4 25. h3 Nxe5 26. fxe5 Bxe5 27. Kf1
Bxc3 28. bxc3 Rxc3 29. Ne2 Bc4 30. Kf2 Bxe2 31. Rxe2 Rxe2+ 32. Kxe2 Rb3 33. Be4
a5 34. h4 a4 35. h5 a3 36. h6 Kf8 37. Rc1 a2 38. Kd2 Ke7 39. g4 Kf6 40. g5+ Kxg5
41. Bh1 Rb1 0-1